Дискретные распределения. Одномерные распределения: вероятностно-статистический справочник

Bibliographic Details
Main Author: Ивченко Г. И. Григорий Иванович
Other Authors: Медведев Ю. И. Юрий Иванович
Summary:Справочник содержит обзор важнейших одномерных дискретных распределений теории вероятностей и математической статистики, анализ их основных свойств и методов применения их в теории и практике. Он будет полезен преподавателям вузов, аспирантам и студентам, а также научным работникам различных специальностей и инженерам, использующим в своей работе вероятностно-статистические методы. Как показывает практика последних десятилетий, справочник особенно будет полезен специалистам, занимающимся вопросами экономики, социологии, финансовой сферы, для которых сегодня статистические методы являются основным инструментом анализа, прогнозирования и принятия рациональных решений.
Language:Russian
Published: Москва, ЛЕНАНД, 2015
Subjects:
Format: MixedMaterials Book
KOHA link:https://koha.lib.tpu.ru/cgi-bin/koha/opac-detail.pl?biblionumber=267978

MARC

LEADER 00000nam0a2200000 4500
001 267978
005 20231101234127.0
010 |a 9785971013785 
035 |a (RuTPU)RU\TPU\book\291104 
090 |a 267978 
100 |a 20140825d2015 k y0rusy50 ca 
101 0 |a rus 
102 |a RU 
105 |a y g 001zy 
200 1 |a Дискретные распределения. Одномерные распределения  |e вероятностно-статистический справочник  |f Г. И. Ивченко, Ю. И. Медведев 
210 |a Москва  |c ЛЕНАНД  |d 2015 
215 |a 245 с. 
320 |a Библиогр.: с. 227-242. 
320 |a Указатель распределений: с. 243-245. 
330 |a Справочник содержит обзор важнейших одномерных дискретных распределений теории вероятностей и математической статистики, анализ их основных свойств и методов применения их в теории и практике. Он будет полезен преподавателям вузов, аспирантам и студентам, а также научным работникам различных специальностей и инженерам, использующим в своей работе вероятностно-статистические методы. Как показывает практика последних десятилетий, справочник особенно будет полезен специалистам, занимающимся вопросами экономики, социологии, финансовой сферы, для которых сегодня статистические методы являются основным инструментом анализа, прогнозирования и принятия рациональных решений. 
606 1 |a Распределения вероятностей  |2 stltpush  |3 (RuTPU)RU\TPU\subj\23843  |9 48359 
610 1 |a справочники 
610 1 |a дискретные распределения 
610 1 |a одномерные распределения 
610 1 |a биноминальная модель 
610 1 |a биноминальное распределение 
610 1 |a пуассоновская модель 
610 1 |a гипергеометрическое распределение 
610 1 |a степенные ряды 
610 1 |a модель Маркова 
610 1 |a дискретное распределение 
610 1 |a логарифмическое распределение 
610 1 |a пуассоно-биномиальное распределение 
675 |a 519.213(035)  |v 3 
700 1 |a Ивченко  |b Г. И.  |g Григорий Иванович 
701 1 |a Медведев  |b Ю. И.  |g Юрий Иванович 
801 1 |a RU  |b 63413507  |c 20140825 
801 2 |a RU  |b 63413507  |c 20150703  |g RCR 
942 |c BK 
959 |a 72/20140416  |d 2  |e 499,00  |f ЧЗТЛ:1  |f АНЛ:1